Lizzie little : (Record no. 2390)

MARC details
000 -LEADER
fixed length control field 00847cam a22002417a 4500
005 - DATE AND TIME OF LATEST TRANSACTION
control field 20250815125828.0
020 ## - INTERNATIONAL STANDARD BOOK NUMBER
International Standard Book Number 9781612360294
040 ## - CATALOGING SOURCE
Original cataloging agency DLC
Transcribing agency DLC
Modifying agency DLC
Language of cataloging eng
050 00 - LIBRARY OF CONGRESS CALL NUMBER
Classification number PZ7.K66
082 ## - DEWEY DECIMAL CLASSIFICATION NUMBER
Classification number 813
100 1# - MAIN ENTRY--PERSONAL NAME
Personal name Milten, Luana K.
245 10 - TITLE STATEMENT
Title Lizzie little :
Remainder of title The sky is falling! /
Statement of responsibility, etc. written and illustrated by Robin Koontz.
260 ## - PUBLICATION, DISTRIBUTION, ETC.
Name of publisher, distributor, etc. Rourke Publishing,
Date of publication, distribution, etc. 2012
300 ## - PHYSICAL DESCRIPTION
Extent 24 pages
Other physical details Color illustrations
Dimensions 21 cm
490 0# - SERIES STATEMENT
Series statement Little birdie books
505 ## - FORMATTED CONTENTS NOTE
Formatted contents note H <br/>
520 ## - SUMMARY, ETC.
Summary, etc. This Advanced Reader Retells A Classic Story. Teaching Focus, Words To Know Before You Read, Comprehension And Extension Activities. Inside Front And Back Cover Parent And Teacher Support.
521 ## - TARGET AUDIENCE NOTE
Target audience note 440 <br/>
Source Lexile <br/>
521 ## - TARGET AUDIENCE NOTE
Target audience note H <br/>
Source Raz-Plus <br/>
906 ## - LOCAL DATA ELEMENT F, LDF (RLIN)
a 0
b ibc
c orignew
d 4
e epcn
f 20
g y-gencatlg
942 ## - ADDED ENTRY ELEMENTS (KOHA)
Source of classification or shelving scheme Dewey Decimal Classification
Koha item type Books
Suppress in OPAC No
999 ## -
-- 2390
-- 2390
Holdings
Withdrawn status Lost status Source of classification or shelving scheme Damaged status Not for loan Collection Home library Current library Shelving location Date acquired Total Checkouts Full call number Barcode Date last seen Date last checked out Price effective from Koha item type Copy number
    Dewey Decimal Classification     Juvenile Fiction Footprints International School Library Network Toul Tom Poung Campus Footprints International School Library Network Toul Tom Poung Campus TTP Primary Dark Blue Bookshelves 11/22/2023 5 MIT 813 PZ7.K66 FIS02827 12/12/2025 12/04/2025 11/22/2023 Books  
    Dewey Decimal Classification     Juvenile Fiction Footprints International School Library Network Toul Tom Poung Campus Footprints International School Library Network Toul Tom Poung Campus TTP Primary Dark Blue Bookshelves 08/15/2025   MIT 813 PZ7.K66 FISTK00961 08/15/2025   08/15/2025 Books 2